Лабораторные работы по курсу "Резание металлов": учебное пособие

Λεπτομέρειες βιβλιογραφικής εγγραφής
Άλλοι συγγραφείς: Третьяков И. П. Иван Петрович, Аршинов В. А. Василий Андреевич, Киселев Н. Ф. Николай Фомич, Синопальников В. А.
Γλώσσα:Ρωσικά
Έκδοση: Москва, Машиностроение, 1965
Θέματα:
Μορφή: Βιβλίο
KOHA link:https://koha.lib.tpu.ru/cgi-bin/koha/opac-detail.pl?biblionumber=153488

MARC

LEADER 00000nam0a2200000 4500
001 153488
005 20231031151420.0
035 |a (RuTPU)RU\TPU\book\166517 
090 |a 153488 
100 |a 20090212d1965 m y0rusy50 ca 
101 0 |a rus 
102 |a RU 
105 |a a j 000zy 
200 1 |a Лабораторные работы по курсу "Резание металлов"  |e учебное пособие  |f И. П. Третьяков [и др.] 
210 |a Москва  |c Машиностроение  |d 1965 
215 |a 147 с.  |c ил. 
610 1 |a лабораторные работы 
610 1 |a резание металлов 
610 1 |a учебные пособия 
675 |a 621.91(076.5)  |v 3 
701 1 |a Третьяков  |b И. П.  |g Иван Петрович 
701 1 |a Аршинов  |b В. А.  |g Василий Андреевич 
701 1 |a Киселев  |b Н. Ф.  |g Николай Фомич 
701 1 |a Синопальников  |b В. А. 
801 1 |a RU  |b 63413507  |c 20090212  |g PSBO 
801 2 |a RU  |b 63413507  |c 20190829  |g PSBO 
942 |c BK